The poetic and dramatic works of Alfred Lord Tennyson / (Record no. 62809)
[ view plain ]
| 000 -LEADER | |
|---|---|
| fixed length control field | 00815nam a2200253 a 4500 |
| 001 - CONTROL NUMBER | |
| control field | 62809 |
| 003 - CONTROL NUMBER IDENTIFIER | |
| rucl marc code | BD-RjUL |
| 005 - DATE AND TIME OF LATEST TRANSACTION | |
| control field | 20211209081126.0 |
| 008 - FIXED-LENGTH DATA ELEMENTS--GENERAL INFORMATION | |
| fixed length control field | 170125s1898 maua 000 0aeng d |
| 035 ## - SYSTEM CONTROL NUMBER | |
| System control number | (BD-RjUL)62937 |
| 040 ## - CATALOGING SOURCE | |
| Original cataloging agency | DLC |
| Transcribing agency | DLC |
| Language of cataloging | eng |
| 041 ## - LANGUAGE CODE | |
| Language code of text/sound track or separate title | eng |
| 082 ## - DEWEY DECIMAL CLASSIFICATION NUMBER | |
| Edition number | 23 |
| Classification number | 821 |
| Author mark and year | TEP 1898 |
| 100 1# - MAIN ENTRY--PERSONAL NAME | |
| Personal name | Tennyson, Alfred Tennyson, |
| Dates associated with a name | 1809-1892. |
| 9 (RLIN) | 186719 |
| 245 14 - TITLE STATEMENT | |
| Title | The poetic and dramatic works of Alfred Lord Tennyson / |
| Statement of responsibility, etc. | Alfred Lord Tennyson |
| 250 ## - EDITION STATEMENT | |
| Edition statement | Cambridge ed. |
| 260 ## - PUBLICATION, DISTRIBUTION, ETC. (IMPRINT) | |
| Place of publication, distribution, etc. | Boston and New York : |
| Name of publisher, distributor, etc. | Houghton, Mifflin and company, |
| Date of publication, distribution, etc. | 1898 |
| 300 ## - PHYSICAL DESCRIPTION | |
| Pagination | 3 p.l., [v]-xvii, 887 p. : |
| Illustrations | ill. ; |
| Size | 21 cm. |
| 650 ## - SUBJECT ADDED ENTRY--TOPICAL TERM | |
| Topical term or geographic name as entry element | English poetry |
| 9 (RLIN) | 179095 |
| 700 1# - ADDED ENTRY--PERSONAL NAME | |
| Personal name | Rolfe, W. J. |
| Fuller form of name | (William James), |
| Dates associated with a name | 1827-1910. |
| 942 ## - ADDED ENTRY ELEMENTS (KOHA) | |
| Source of classification or shelving scheme | Dewey Decimal Classification |
| Koha item type | Books |
| Lost status | Source of classification or shelving scheme | Damaged status | Not for loan | Collection code | Permanent Location | Current Location | Shelving location | Date acquired | Source of acquisition | Total Checkouts | Full call number | Date last seen | Copy number | Koha item type |
|---|---|---|---|---|---|---|---|---|---|---|---|---|---|---|
| Dewey Decimal Classification | Not For Loan | Non-fiction | Central Library, University of Rajshahi | Central Library, University of Rajshahi | Reading Room | Paragogn Enterprise, Dhaka | 821 TEP 1898 | 25/01/2017 | C-1 | Books | ||||
| Dewey Decimal Classification | Non-fiction | Central Library, University of Rajshahi | Central Library, University of Rajshahi | 20/08/2020 | 821 TEP 1898 | 20/08/2020 | C-2 | Books |